000 00881cam a2200277 i 4500
001 24605
003 Mx-PuUPA
005 20250220143241.0
008 140415s2018 ag gr 000 e spa d
020 _a9789877321289
040 _aMx-PuUPA
_bspa
_cMx-PuUPA
_dMx-PuUPA
_erda
041 0 _aspa
100 1 _aFranck, Juan F.,
_d1973-
_916753
_eautor
245 1 1 _a¿Somos o no somos nuestro cerebro? :
_bun ensayo filosófico /
_cJuan F. Franck
250 _a1a edición
264 1 _aArgentina :
_bEdiciones Logos,
_c2018
300 _a141 páginas ;
_c20 cm
336 _2rdacontent
_atexto
_btxt
337 _2rdamedia
_asin medio
_bn
338 _2rdacarrier
_avolumen
_bnc
490 0 _aColección De las ciencias a la filosofía ;
_v6
650 7 _2armarc
_aFilsofía
_vEnsayo
942 _2ddc
_cLI
_h190
_iF77
999 _c24605
_d24605